A császár barátnője
Príbeh zo súkromia Márie Terézie a jej manžela. [Autor pravdepodobne regionálny, ostáva na prebádanie.]
| Hlavný autor: | |
|---|---|
| Médium: | Článok |
| Jazyk: | Hungarian |
| Témy: | |
| Zdroj: |
1. Homonna és Vidéke : Vegyes tartalmu közmüvelődési, szépirodalmi és közgazdasági hetilap 1. Roč. 11, č. 28 (16.07.1911) s. 1 a 2 |
| LEADER | 00958nab#a2200325#ar4500 | ||
|---|---|---|---|
| 001 | 000071003 | ||
| 003 | SVKKK | ||
| 005 | 20010108xxxxxxx. | ||
| 008 | 06 c xo huno | ||
| FMT | |||
| 038 | |a SVKKK | ||
| 040 | |a SVKKK |b slo |e AACR2 | ||
| 041 | 0 | |a hun | |
| 044 | |a xo |c SK | ||
| 080 | |a 894.511(437.6)-3 | ||
| 100 | 0 | |a (P.R.) |4 aut | |
| 242 | 1 | 0 | |a Priateľka cisára |
| 245 | 1 | 0 | |a A császár barátnője |c (P.R.) |
| 500 | |a mikrofilm | ||
| 520 | 2 | |a Príbeh zo súkromia Márie Terézie a jej manžela. [Autor pravdepodobne regionálny, ostáva na prebádanie.] | |
| 650 | 0 | 4 | |a príbehy - literatúra maďarská - texty |
| 773 | 0 | |t Homonna és Vidéke : Vegyes tartalmu közmüvelődési, szépirodalmi és közgazdasági hetilap |g Roč. 11, č. 28 (16.07.1911) s. 1 a 2 | |
| 957 | |a Humenné [?] | ||
| 957 | |a Rakúsko-Uhorsko | ||
| 958 | |a DG | ||
| 958 | |a SK | ||
| 974 | |a Ba |d 20010108 | ||
| 992 | |a RBX | ||
| BAS | |||
| 998 | |a RETRO | ||